000 01045cam a22002174a 4500
005 20250605164140.0
008 250528s ||||||||||||||||||||||||d
035 _a18924
020 _a175558752
040 _aGR-AtMCL
_bgre
_dGR-AtMCL
_eAACR2
245 1 _aTowards Synthesis
260 _c1990
300 _a154
520 _aThis book provides thorough and systematic consolidation of the basic structures of English, along with development of the language. Introduction, Describing People and How They Live, Describing Places, Comparing People and Activities, Making Plans in the Future, Telling a Story, Talking about Experiences, Speculating about the Future, Giving Advice, Telling a Story, Defining and Describing, Discussing Careers and Work, Getting Things Done, The Media: Plays and Films and Newspapers, Text Recognition, Tapescripts, Reference Section, Index to Reference Section.
700 1 _aFowler W.S
_95207
700 1 _aNelson
_95208
700 1 _aPidcock J
_95211
942 _cBK
999 _c4225
_d4225